| 000 | 00704cam a2200265 4500 | ||
|---|---|---|---|
| 008 | 090401t1996 xxu||||| |||| 00| 0 eng d | ||
| 020 | _a0632040858 | ||
| 035 | _a(Sirsi) u57925 | ||
| 041 | _aeng | ||
| 050 | _a693.893 | ||
| 100 | _aOliver, Alan | ||
| 245 | _aDampness in buildings. | ||
| 250 | _a2nd ed. | ||
| 260 |
_aOxford _bBlackwell Science _c1996 |
||
| 300 | _axiii,353p. ; 25cm. | ||
| 350 | _a24.96 | ||
| 520 | _aSecond edition revised by James Douglas and J. Stewart Stirling. | ||
| 650 | _aCONDENSATION | ||
| 650 | _aDAMP | ||
| 690 | _aBUILT ENVIRONMENT-BUILDING PATHOLOGY | ||
| 700 | _aDouglas, James | ||
| 700 | _aStirling, J. Stewart | ||
| 942 | _n0 | ||
| 948 | _c04/03/1997 | ||
| 999 |
_c93994 _d93994 |
||